| 000 | 00868nam a22003137a 4500 | ||
|---|---|---|---|
| 001 | BR0901949 | ||
| 003 | BR-BrBNA | ||
| 005 | 20230928102911.0 | ||
| 007 | ta | ||
| 008 | 230509b bl.||||| |||| 00| 0 por d | ||
| 040 |
_aBR-BrBNA _bpor _cBiblioteca Nacional de Agricultura |
||
| 041 | _a(Por) | ||
| 072 | _aE14 | ||
| 090 | _ E14 BR0901949 | ||
| 110 | 1 | _aMinistério da Agricultura, Pecuária e Abastecimento, Brasília, DF (Brasil). Assessoria de comunicação social | |
| 245 | 1 | _aA força da agricultura | |
| 260 | 3 |
_aBrasília, DF (Brasil): _c2009. |
|
| 300 | _a24 p. | ||
| 500 | _a12 illus. | ||
| 650 | _aAGRICULTURA | ||
| 650 | _aAGRONEGÓCIO | ||
| 650 | _aPRODUTIVIDADE | ||
| 650 | _aSAFRA | ||
| 650 | _aCRÉDITO | ||
| 650 | _aDESENVOLVIMENTO SUSTENTÁVEL | ||
| 650 | _aDIVULGAÇÃO | ||
| 909 |
_a202309 _bLucia _c55 _dLucia Elande |
||
| 942 | _cBK | ||
| 999 |
_c72900 _d72900 |
||